000 00527nam a2200193Ia 4500
005 20250508151631.0
008 008 250505s9999 xx 000 0 eng d
037 _aTextBook
040 _aFEDL
_beng
_cFEDL
041 _aeng
_2eng
084 _a370.1544, HIL/R
_qFEDL
100 _aHilgard Ernest R
245 0 _aTheories of learning
260 _aNew York, USA
_bAppleton-Century-Crofts
_c1948
300 _avi,409p
365 _aUSD
_b0.2
942 _cTB
_h370.1544, HIL/R
999 _c1331041
_d1331041